000
00217nam a22000857a 4500
008
170130b xxu||||| |||| 00| 0 eng d
100
_9
2679
_a
Gilwell.L.B.P
245
_a
AIDS t Scutmas tership
260
_a
New Delhi
_b
BS
_c
2006
999
_c
5834
_d
5834